|
|
|
|
| LEADER |
00778nab a2200229 i 4500 |
| 001 |
misc67921 |
| 005 |
20240513132711.0 |
| 008 |
240208s2003 hu o 000 eng d |
| 040 |
|
|
|a SZTE Miscellanea Repozitórium
|b hun
|
| 041 |
|
|
|a eng
|
| 100 |
1 |
|
|a Vajda Edward J.
|
| 245 |
1 |
0 |
|a Ket verb structure in typological perspective
|h [elektronikus dokumentum] /
|c Vajda Edward J.
|
| 260 |
|
|
|c 2003
|
| 300 |
|
|
|a 55-92
|c 24 cm
|
| 300 |
|
|
|a [38] p.
|c 24 cm
|
| 490 |
0 |
|
|a Sprachtypologie und Universalienforschung = Language typology and universals : STUF
|
| 561 |
|
|
|a Németh Gyula hagyaték
|
| 591 |
|
|
|a OV 6679
|
| 650 |
|
4 |
|a Bölcsészettudományok
|
| 650 |
|
4 |
|a Nyelvek és irodalom
|
| 695 |
|
|
|a Ket nyelv
|
| 856 |
4 |
0 |
|u http://misc.bibl.u-szeged.hu/67921/1/6679_ov.pdf
|z Dokumentum-elérés
|